[Event "RUS-chT 12th"]
[Site "Sochi"]
[Date "2005.04.21"]
[Round "3"]
[White "Riazantsev, Alexander"]
[Black "Rublevsky, Sergei"]
[Result "1/2-1/2"]
[WhiteElo "2608"]
[BlackElo "2645"]
[Annotator "Huzman,A"]
[PlyCount "134"]
[EventDate "2005.04.19"]
[EventType "team-tourn"]
[EventRounds "11"]
[EventCountry "RUS"]
[SourceTitle "EXT 2020"]
[Source "ChessBase"]
[SourceDate "2019.10.17"]
[SourceVersion "1"]
[SourceVersionDate "2019.10.17"]
[SourceQuality "1"]
[WhiteTeam "Nizhny Tagil Politekhnik"]
[BlackTeam "Kazan Ladya"]
[WhiteTeamCountry "RUS"]
[BlackTeamCountry "RUS"]

1. d4 d5 2. c4 dxc4 3. Nf3 e6 4. e3 c5 5. Bxc4 a6 6. O-O Nf6 7. Bb3 b5 8. a4 b4
9. Nbd2 Be7 10. e4 Bb7 11. e5 Nfd7 12. Nc4 O-O 13. Bc2 cxd4 14. Qxd4 b3 15.
Bxb3 Bxf3 16. gxf3 Nc6 17. Qe3 Qc7 18. f4 Nc5 19. Bd1 Rfd8 (19... Rad8 20. Ra3
Nd4 $2 (20... Nb4 $5) (20... f5 $5 21. exf6 Rxf6 $44) 21. Nd6 $1 Nf5 22. Nxf5
exf5 23. Rc3 $16 {1-0 Dreev,A-Karjakin,S/Dos Hermanas 2005/(42)}) 20. Ra3 Nb4
$1 {Black prevent pinning Nc5.} (20... Rab8 $6 21. Rc3 Nd4 22. Nd6 Bxd6 23.
Qxd4 Bf8 24. Qe3 $16) 21. Bd2 (21. Rc3 $140 Nd5 $19) 21... Rab8 (21... Ncd3 22.
Bxb4 Nxb4 23. Qe4 Qc6 24. Qxc6 Nxc6 25. Rc3 Rab8 $14) 22. Qe2 {[%cal Ga3h3]}
Qc6 {[%cal Yc6e4]} (22... Ncd3 23. Rc3 Qd7 24. Be3 $14) 23. Rh3 g6 $1 {Good
prophilactik move against White attack on the king's side.} (23... Nxa4 $2 24.
f5 $1 exf5 25. e6 $1 $40 fxe6 $140 (25... Bf6 26. exf7+ Kxf7 27. Bf4 $18) 26.
Bxa4 Qxa4 27. Qxe6+ Kf8 28. Rxh7 $18) (23... Qe4 24. Qxe4 Nxe4 25. Be3 Nd5 26.
Bc2 f5 27. exf6 Nexf6 28. f5 $14) 24. b3 (24. a5 $5 Qb5 $5 (24... Qe4 25. Qxe4
Nxe4 26. Be3 Nd5 27. Be2 f5 $44) 25. b3 Nc6 $1 $11) 24... Qe4 $1 {[%mdl 4]} 25.
Qxe4 (25. Be3 Nd5 $11) 25... Nxe4 26. Be3 Nd5 $44 {Black active pieces fully
compensate extra pawn of White.} 27. Bc1 (27. Bc2 Nec3 28. Kg2 (28. Re1 Nb4 29.
Bb1 Nbd5 $11) 28... Nb4 29. Bb1 (29. Bb6 Ncd5 $1 30. Bxd8 Rxd8 $17) 29... Nbd5
$11) 27... Nec3 28. Kh1 Na2 (28... f5 $5 29. exf6 Bxf6 $11) 29. Bd2 Bb4 30. Be3
Nxe3 $6 (30... Nac3 31. Bc2 Ne2 32. Rf3 Kg7 $44) 31. fxe3 (31. Nxe3 Nc3 32. Bf3
Rd3 $36) (31. Rxe3 Nc3 32. Bf3 Rd4 $15) 31... Rd3 32. Rg3 Rbd8 33. Bc2 Rc3 34.
Rg2 {[%csl Ra2][%cal Gf1a1]} Bc5 35. f5 $1 $132 exf5 $2 (35... Nb4 $1 36. fxg6
hxg6 37. Bxg6 (37. Bd1 Rc1 38. Rgg1 Rd3 39. h4 Bxe3 40. Nxe3 (40. Be2 Rxf1 41.
Bxf1 Bxg1 42. Bxd3 Bf2 $17) 40... Rxe3 41. h5 Rxe5 42. hxg6 f5 $17) 37... fxg6
38. Rxg6+ Kh7 39. Rxe6 Rd7 40. Rff6 $132) 36. Bxf5 {[%cal Ge5e6]} Rc1 (36...
Nb4 37. e6 $1 (37. Bg4 Bxe3 38. Nd6 $36) 37... f6 38. Bxg6 hxg6 39. Rxg6+ Kh7
40. Rgxf6 $36) 37. Rxc1 Nxc1 38. Bc2 Rb8 39. Rg1 $16 Na2 40. Rd1 Rb7 41. Kg2 (
41. Rd8+ Kg7 42. Nd6 Ra7 43. Be4 $16) 41... Kg7 42. Kf3 Rc7 43. Rd8 f6 44. e6
$2 (44. Bd3 $1 Nb4 (44... fxe5 45. Nxe5 Nb4 46. Bc4 $16) (44... Be7 45. Ra8 Nb4
46. Nd6 Rc6 47. Be4 Rc5 48. Ne8+ Kf7 49. exf6 Bxf6 50. Nxf6 Kxf6 51. Rb8 a5 52.
Rb6+ Kg7 (52... Ke5 53. Rb7 $18) 53. Rb7+ Kg8 54. Rb5 $18) 45. Nd6 $1 Kh6 46.
Ne8 $18) 44... Be7 45. Rd7 (45. Re8 Nb4 46. Bb1 f5 $1 $14) 45... Rxd7 46. exd7
Kf7 47. Be4 Ke6 48. Bb7 Kxd7 49. Bxa6 Nc1 50. Nd2 Bd6 (50... Bb4 51. Ne4 Ke7
52. Bc4 $16) (50... f5 $142) 51. h3 (51. Ne4 Nxb3 52. Nxf6+ Ke7 $16) 51... f5
52. Bc4 g5 $132 53. e4 $1 Bb4 54. Nf1 fxe4+ 55. Kxe4 h5 56. Ne3 g4 57. h4 (57.
hxg4 hxg4 58. Nxg4 $16) 57... Kd6 58. Kf5 (58. Bf7 Be1 59. Nf5+ Kc5 60. Bxh5
Bxh4 61. Nxh4 Nxb3 62. Bf7 Na5 63. Nf5 Kb4 64. Be8 Nc4 $11) 58... Bd2 59. Ng2 (
59. Nf1 Be1 60. Kg5 Kc5 61. Kxh5 g3 62. Ne3 Bd2 63. Ng2 Kb4 $11) 59... Kc5 60.
Kg6 Kb4 61. a5 Kxa5 62. Kxh5 g3 63. Kg4 Kb4 64. Kxg3 Nxb3 65. Bxb3 Kxb3 66. h5
Kc4 67. Nf4 Kd4 1/2-1/2

[Event "Dos Hermanas-A"]
[Site "Dos Hermanas"]
[Date "2005.04.09"]
[Round "9"]
[White "Dreev, Alexey"]
[Black "Karjakin, Sergey"]
[Result "1-0"]
[WhiteElo "2705"]
[BlackElo "2635"]
[Annotator "Huzman,A"]
[PlyCount "83"]
[EventDate "2005.04.01"]
[EventType "tourn"]
[EventRounds "9"]
[EventCountry "ESP"]
[EventCategory "16"]
[SourceTitle "CBM 107"]
[Source "ChessBase"]
[SourceDate "2005.08.01"]
[SourceVersion "1"]
[SourceVersionDate "2005.08.01"]
[SourceQuality "1"]

1. d4 d5 2. c4 dxc4 3. Nf3 Nf6 4. e3 e6 5. Bxc4 a6 6. O-O c5 7. Bb3 b5 8. a4 b4
9. Nbd2 Bb7 10. e4 Be7 11. e5 Nfd7 12. Nc4 O-O 13. Bc2 cxd4 14. Qxd4 b3 (14...
Bd5 15. Qg4 f5 16. exf6 Nxf6 17. Qd4 Nc6 18. Qd3 Qc7 19. Ng5 b3 20. Bxb3 Rab8
21. Nd2 Rxb3 22. Nxb3 h6 23. Nh3 Qb7 $13 {1/2-1/2 Gunina,V-Matveeva,S/Samara
RUS 2005/(83)}) 15. Bxb3 (15. Bb1 Bd5 16. Qd3 g6 17. Bh6 Re8 18. Qxb3 Nc6 19.
Qc3 Bxc4 20. Qxc4 Ncxe5 21. Nxe5 Nxe5 $11) 15... Bxf3 (15... Nc5 16. Bd1 Nc6
17. Qg4 Qd3 18. Ra3 h5 19. Qf4 $16 {1/2-1/2 Mastrovasilis,A-Moutousis,K/Athens
GRE 2004/(49)}) 16. gxf3 Nc6 17. Qe3 Qc7 (17... Qb8 $5 18. f4 Rc8 19. Rd1 (19.
Bd1 Nb4 20. b3 Nc5 21. Qh3 f5 $44) 19... Bc5 20. Qh3 Nd4 21. Ba2 Qb7 22. Bb1 f5
23. Ba2 $14 {[%csl Re6]}) (17... Bc5 $5 18. Qe4 Nd4 19. Ba2 (19. Bd1 f5 $132)
19... f5 20. Qd3 Qh4 21. f4 Qh5 22. Kg2 Rab8 23. Bd2 $14) 18. f4 Nc5 (18... Bc5
19. Qe4 Nd4 20. Bd1 Rab8 (20... Nb6 $5 21. Ne3 $1 f5 22. exf6 Rad8 23. b4 $1
Bxb4 24. Bb2 $16) 21. Bd2 $14 {1-0 Banikas,H-Moutousis,K/Athens 2004/CBM 105/
[Huzman] (37)}) (18... Rfd8 $5 19. Bd2 Rab8 $44) 19. Bd1 Rad8 (19... Rfd8 $5
20. Ra3 Nb4 21. Bd2 Rab8 22. Qe2 Qc6 23. Rh3 g6 24. b3 Qe4 $11 {1/2-1/2
Riazantsev,A-Rublevsky,S/Sochi RUS 2005/(67)}) 20. Ra3 Nd4 $2 {This move lost
the game.} ({Black had good counterchances after both} 20... Nb4 $5 21. Bd2
Ncd3 22. Bxb4 (22. Rc3 Bc5 23. Qe2 f6 $132) 22... Nxb4 23. Qe4 Bc5 24. Rh3 g6
$44) ({or} 20... f5 $5 21. exf6 Rxf6 $44) 21. Nd6 $1 Nf5 (21... Bxd6 22. Qxd4
Be7 23. Qc4 $16) 22. Nxf5 exf5 23. Rc3 $16 {Black can't save from a pin now
and White little by little improve their position.} a5 (23... Qc6 $142 24. Bc2
(24. b4 Qg6+ 25. Qg3 Ne4 26. Qxg6 hxg6 27. Rc6 Bxb4 28. Rxa6 Nd2 $132) 24...
Qe6 25. b4 Ne4 26. Bxe4 fxe4 27. Qxe4 $18) 24. b3 $1 $18 Qb6 25. Ba3 Rc8 26.
Bf3 Rc7 27. Rfc1 Rfc8 28. Bd5 Qg6+ 29. Kh1 Qa6 30. h3 Qb6 31. Kh2 Kf8 32. Rc4
$1 {[%cal Gb3b4]} Qa7 33. b4 axb4 34. Bxb4 {[%cal Ga4a6]} Qb6 35. R1c2 g6 36.
Qd4 Ke8 $2 (36... Kg7 37. a5 Qa7 (37... Qb5 38. e6+ f6 39. a6 $1 $18) 38. a6 $1
$18) 37. a5 Qb5 38. a6 $1 {[%mdl 4]} Nxa6 39. Bd6 (39. e6 $1 f6 40. Bc6+ $1 $18
) 39... Nc5 (39... Rxc4 40. Bxc4 Qd7 41. Bb5 $1 Rxc2 42. Qa4 $18) 40. Bxc7 Rxc7
41. Rb4 Qa6 (41... Qd7 42. Rb8+ Rc8 43. Rxc5 $1 Bxc5 44. Qxc5 Rxb8 45. Bc6 $18)
42. Rb8+ (42. Rb8+ Rc8 43. Bc4 $18) 1-0

[Event "EU-ch 6th"]
[Site "Warsaw"]
[Date "2005.06.29"]
[Round "11"]
[White "Riazantsev, Alexander"]
[Black "Rublevsky, Sergei"]
[Result "0-1"]
[WhiteElo "2608"]
[BlackElo "2645"]
[Annotator "Huzman,A"]
[PlyCount "70"]
[EventDate "2005.06.18"]
[EventType "swiss"]
[EventRounds "13"]
[EventCountry "POL"]
[SourceTitle "CBM 108"]
[Source "ChessBase"]
[SourceDate "2005.09.26"]
[SourceVersion "1"]
[SourceVersionDate "2005.09.26"]
[SourceQuality "1"]

1. d4 {Ftacnik} d5 2. c4 dxc4 3. Nf3 e6 4. e3 c5 5. Bxc4 a6 6. O-O Nf6 7. a4
Nc6 8. Qe2 Qc7 9. Rd1 Be7 10. dxc5 O-O 11. b3 e5 {Ftacnik: 'Rublevsky is
striving to develop the bishop from c8 and bring the rooks into play. The fate
of c5 pawn compared to the coordination of the own pieces is simply secondary.'
} (11... Bxc5 12. Bb2 b6 (12... e5 13. Nc3 e4 14. Ng5 Bd6 15. Nd5 Nxd5 16. Rxd5
$16 {Kramnik-Sadvakasov Astana 2001}) 13. Nbd2 Bb7 14. Rac1 Nb4 15. Ng5 (15.
Ne5 Rfd8 16. Nd3 Nxd3 17. Bxd3 Qe7 $11 {1/2-1/2 Salai,J-Sakai,K/IECG 2003/(36)}
) 15... Qe7 16. Ndf3 h6 17. Nh3 Rfd8 18. Nf4 Rxd1+ 19. Rxd1 Rd8 $11 {1-0 Anand,
V-Ponomariov,R/Mainz GER 2002/(46)}) 12. Nc3 $6 (12. h3 e4 13. Nd4 Ne5 14. Bb2
Bxc5 15. Nd2 Qe7 16. Nf1 Bd7 17. Ng3 g6 18. Qc2 Rac8 19. a5 Rfe8 20. Nde2 Bc6
21. Nc3 Ned7 22. Nce2 Ne5 23. Nc3 {1/2-1/2 Milov,V-Karjakin,S/Warsaw POL 2005/
(23)}) 12... e4 13. Nd4 (13. Nd2 Bg4 14. f3 exf3 15. gxf3 Bh5 16. Bb2 Rad8 $13
{Nikolic,P-Seirawan,Y/Skelleftea 1989/Inf 48 (16)}) 13... Bg4 $5 (13... Bxc5
14. Nd5 (14. Nxc6 bxc6 (14... Qxc6 15. h3 (15. Nd5 Bg4 16. Nxf6+ Qxf6 17. Qxg4
Qxa1 18. Qxe4 Ba3 $17) 15... Be6 16. Bb2 Rfd8 $11) 15. h3 Qe5 16. Bb2 Bd6 17.
f4 exf3 18. Qxf3 Be6 $15) 14... Nxd5 15. Bxd5 Qe5 16. Bxc6 (16. Nxc6 Qxa1 17.
Bb2 Bg4 18. f3 exf3 19. gxf3 Qxd1+ 20. Qxd1 Bxe3+ 21. Kg2 bxc6 22. Qd3 cxd5 23.
Qxe3 Bc8 24. Bxg7 $11) 16... bxc6 17. Bb2 Bd6 (17... Qg5 {Ftacnik} 18. Rdc1 Bh3
19. Qf1 Bd7 20. Qc4 Bh3 21. Qf1 Bd7 22. Nxc6 Rfc8 23. Nd4 Rd8 24. Rc4 {1-0
Kosyrev,V-Dieb fritz,D/playchess.com 2005/ (66)}) 18. f4 exf3 19. Nxf3 Qe7 20.
Rac1 $11) 14. f3 exf3 15. gxf3 (15. Nxf3 {Ftacnik} Bxc5 $15) 15... Bh5 {
Black has a good compensation for the sacrifised pawn due to the weakened
position of Kg1.} 16. Ba3 (16. Nxc6 bxc6 $5 (16... Qxc6 17. Nd5 Bxc5 18. Bb2
Nxd5 19. Bxd5 (19. Rxd5 Bg6 $11) 19... Qh6 20. Bd4 Bxd4 21. Rxd4 Rae8 $11) 17.
Ba3 (17. b4 a5 $11) 17... Qe5 $11) 16... Rfe8 {[%cal Ye8e2]} (16... Ne5 $5) 17.
b4 (17. Qf2 Qe5 (17... Ne5 18. Nd5 Nxd5 19. Bxd5 Rad8 20. Be4 Bg5 $44) 18. b4
a5 19. f4 (19. b5 Nb4 $44) 19... Qb8 20. b5 Nb4 $15) 17... Ne5 {Ftacnik:
'Riazantsev would be right to boast about the distinct success of the
consolidation on the queenside, his weak spot is the vulnerability of the king.
'} (17... Nxd4 {Ftacnik} 18. Rxd4 a5 19. Rc1 (19. Nd5 Nxd5 20. Rxd5 axb4 21.
Bxb4 Qc6) 19... axb4 20. Bxb4 $14) 18. Bb3 $6 (18. Nd5 Nxd5 19. Bxd5 Rad8 20.
Be4 g6 (20... Bg6 $14 {Ftacnik}) 21. Bb2 Bg5 $44) 18... Rad8 $44 {[%mdl 4]} 19.
Rf1 $2 {White underestimates the confrontation Qe2-Re8.  Ftacnik: 'White was
quite correct in sensing, that f3 pawn represents a weakness. The chosen
defense is obviously unnatural, since the rook went to d1 from f1 in the first
place.'} (19. Qg2 {'+/=!?' Ftacnik.} Rxd4 20. Rxd4 (20. exd4 Nxf3+ 21. Kh1 Nh4
22. Qg3 Bf3+ 23. Kg1 Qd7 $44 24. Qf4 (24. Qxh4 Nh5 25. Qf2 Qg4+ 26. Kf1 Bh4 $19
) 24... Qh3 (24... Bd8 25. Re1) 25. Qg3 Qd7 $11) 20... Nxf3+ 21. Kh1 Nxd4 22.
exd4 Qf4 23. Rf1 Qxd4 24. Nd5 $44) (19. Qf2 $142 Rxd4 (19... b6 $11) 20. exd4
Nxf3+ 21. Kh1 $13) {[%tqu "En","Calculate till the end beatiful combination of
Black.","","","e7c5","",10]} 19... Bxc5 $3 20. bxc5 Rxd4 $1 21. exd4 (21. Rad1
Rxd1 22. Qxd1 (22. Bxd1 Rd8 {[%cal Yd8d3]} 23. Bc2 Bxf3 $1 24. Rxf3 Rd2 $19)
22... Qc8 23. Kg2 Qf5 $17) 21... Nxf3+ 22. Qxf3 Bxf3 23. Rxf3 Ng4 $1 {Ftacnik:
'Black is playing very convincingly and with great energy, the whole
combination represents a distict creative achievement. White is offered a
chance to temporarily get two rooks and two pieces for the queen.'} 24. Bxf7+ (
24. Rg3 Qf4 25. Kh1 Re3 $19) (24. Ra2 Re1+ 25. Rf1 Rxf1+ 26. Kxf1 Qf4+ $19)
24... Kh8 25. Bxe8 (25. Rf2 Nxf2 26. Bxe8 Ng4 27. Ra2 Qf4 $1 28. Nd1 Qf3 29.
Ra1 Qe4 $1 $19) 25... Qxh2+ 26. Kf1 Qh1+ 27. Ke2 Qg2+ 28. Kd3 Qxf3+ 29. Kc4 (
29. Kc2 Ne3+ 30. Kb2 (30. Kb3 Qf5 $19) 30... Qf2+ 31. Kb3 Qc2+ 32. Kb4 a5+)
29... Ne3+ 30. Kb3 Qf5 $1 {Ftacnik: 'Rublevsky's pieces are completely
dominating the board and white stands no chance to keep all of his scaterred
material. '} 31. Ra2 $2 (31. a5 Qe6+ 32. d5 Nxd5 $1 (32... Qxe8 $2 33. Re1 $16
{[%cal Ge1e8]}) 33. Bd7 Qe5 $1 (33... Qf7 34. Be8 Qg8 35. Ba4 $13) 34. Bb2 Nxc3
35. Rd1 Qe2 36. Bg4 Qb5+ 37. Kxc3 Qxc5+ 38. Kb3 Qb5+ 39. Kc2 h5 40. Bf3 Qc5+
41. Kd3 Qxa5 $19) (31. Rc1 $1 Qe6+ 32. d5 Nxd5 33. Nxd5 Qxd5+ 34. Rc4 Qe6 35.
Bb5 $3 {[%cal Gc5c6]} axb5 36. axb5 Qf5 37. Kc3 $11) 31... Qe6+ 32. d5 Nxd5 33.
Re2 (33. Bd7 Qf7 34. Be8 Qg8 $19) 33... Ne3+ 34. Kb2 Qxe8 35. c6 Qxc6 0-1

[Event "EU-ch 6th"]
[Site "Warsaw"]
[Date "2005.06.25"]
[Round "7"]
[White "Pantsulaia, Levan"]
[Black "Rublevsky, Sergei"]
[Result "1-0"]
[WhiteElo "2496"]
[BlackElo "2645"]
[Annotator "Huzman,A"]
[PlyCount "121"]
[EventDate "2005.06.18"]
[EventType "swiss"]
[EventRounds "13"]
[EventCountry "POL"]
[SourceTitle "CBM 108"]
[Source "ChessBase"]
[SourceDate "2005.09.26"]
[SourceVersion "1"]
[SourceVersionDate "2005.09.26"]
[SourceQuality "1"]

1. Nf3 d5 2. d4 e6 3. c4 dxc4 4. e3 c5 5. Bxc4 a6 6. O-O Nf6 7. dxc5 Qxd1 8.
Rxd1 Bxc5 9. Nbd2 O-O 10. Be2 Rd8 11. Ne5 Be7 (11... b6 $5 12. Nb3 Rxd1+ 13.
Bxd1 Bf8 14. Bd2 Nbd7 15. Bf3 Nd5 $11 {1/2-1/2 Savchenko,S-Murdzia,P/Griesheim
2004/CBM 099/[Konikowski] (43)}) (11... Bd7 12. Nb3 Bb6 13. Bf3 Nc6 14. Nxd7
Rxd7 15. Rxd7 Nxd7 16. Bxc6 bxc6 17. Bd2 $14 {1/2-1/2 Dautov,R-Kharlov,A/
Tripoli 2004/CBM 102/[Dautov] (48)}) 12. Bf3 (12. Nec4 Nc6 (12... Nbd7 13. Nb3
b6 14. f3 a5 15. e4 (15. Nd4 $5) 15... Ba6 16. Be3 Rac8 17. Rac1 $14 {
Chuchelov,V-Rublevsky,S/Istanbul 2003/ (26)}) 13. Bf3 (13. Nb6 Rb8 14. Ndc4
Rxd1+ 15. Bxd1 Bd7 16. Bf3 Be8 $11 {Van Wely,L-Kharlov,A/Istanbul 2003/}) 13...
Nd5 (13... Bd7 14. Nb3 Be8 15. Bd2 Rac8 16. Nb6 Rc7 17. Rac1 Nd7 {[#]} 18. Bxc6
$1 Rxc6 19. Rxc6 bxc6 20. Nc4 $14 {1-0 Georgiev,K-Rublevsky,S/Budva 2004/CBM
102 ext/[Kostakiev,D] (48)}) 14. Nb3 b5 15. Nca5 Ne5 16. Be2 Bd7 17. e4 Nb6 18.
Bf4 Bf6 19. Nc5 Rdc8 20. Rac1 Be8 21. b3 $14 {Chuchelov,V-Gabriel,C/Germany
2003/ (24)}) (12. b3 Nd5 13. Bb2 f6 14. Nd3 Nc6 15. e4 (15. a3 e5 16. Rac1 Nc7
17. Ne4 Ne6 18. b4 Bd7 19. f4 exf4 20. Nxf4 Nxf4 21. exf4 Bf5 22. Nc5 Rxd1+ 23.
Bxd1 Bxc5+ 24. bxc5 Rd8 25. Bf3 Kf8 $11 {1/2-1/2 Luehrig,W-Hrvacic,P/IECG 2003/
Telechess CBM 105 (36)}) 15... Nb6 16. e5 f5 17. Rac1 Bd7 18. Nf3 {1/2-1/2
Kramnik,V-Kasparov,G/Moscow 2001/CBM 087/[Huzman] (18)}) (12. Nd3 b6 13. b3 Bb7
14. Bb2 Nbd7 15. Rac1 Rac8 16. Rxc8 Rxc8 17. Bf3 Bxf3 18. Nxf3 Kf8 19. Kf1 {
1/2-1/2 Sebenik,M-Rowson,J/Bled 2002/EXT 2003 (19)}) 12... Nbd7 (12... Nd5 13.
Ndc4 Nd7 14. Nxd7 Bxd7 15. Bxd5 exd5 16. Nb6 Rab8 17. Nxd5 Bc5 18. e4 $16 {
1/2-1/2 Doettling,F-Stevic,H/Pula 2003/CBM 94 ext (49)}) (12... Ra7 $5) 13.
Nxd7 Nxd7 (13... Rxd7 14. b3 Nd5 15. Nc4 (15. Bb2 b5 $11) 15... Bf6 16. Bb2
Bxb2 17. Nxb2 $16) 14. Nc4 Rb8 15. b3 b6 16. Ba3 Bxa3 17. Nxa3 Bb7 18. Bxb7
Rxb7 19. Nc4 $1 $146 {[%mdl 32] This move leads to big problems for Black -
his pawns a6 and b6 are weak and the rooks are passive.} (19. Rd6 Rc8 20. Rad1
Kf8 21. Nc4 Rcc7 22. f3 Ke7 23. R6d2 f6 24. Kf2 Rc6 $11 {1/2-1/2 Golod,
V-Kharlov,A/Rethymnon 2003/CBM 98 no vc (41)}) 19... Kf8 20. Rd6 Ke7 21. Rad1
Rdb8 22. Rc6 $1 Nf6 (22... Rd8 23. Rc1 $14 (23. Rd4 Nb8 24. Rxb6 Rxb6 25. Nxb6
Rxd4 26. exd4 Kd6 27. Kf1 Nc6 28. Nc4+ Kd5 $11)) 23. f3 $1 Nd5 (23... Rd7 24.
Rxd7+ Nxd7 25. e4 $14) 24. a3 $1 Rd8 25. Kf2 (25. e4 Nb4 26. Rxd8 Nxc6 27. Rc8
Na5 $1 (27... Nd4 28. e5 $16) 28. Nxa5 bxa5 29. Rc3 Kd6 $11) 25... Rdd7 (25...
Nb4 26. Rxb6 Rxb6 27. Rxd8 $16) 26. e4 Nf6 27. Rdd6 $16 {[%mdl 4096]} b5 28.
Rxd7+ Rxd7 29. Ne5 Ra7 30. Rc2 Rb7 (30... Ra8 31. Ke3 $16) 31. Ke3 Nd7 (31...
Ne8 32. Rc6 Nc7 33. b4 f6 34. Nd3 Kd7 35. Rc2 Rb6 36. f4 $16) 32. Nc6+ Ke8 33.
Nb4 $1 Rb6 (33... a5 34. Rc8+ Ke7 35. Nc6+ $18) 34. Rc6 $1 {The activity of
the Ke3 will play the decisive role in the knight's ending.} Rxc6 35. Nxc6 e5 (
35... Nc5 36. b4 Nd7 37. Kd4 $16) 36. Kd3 g6 37. Kc3 $18 {[%mdl 4]} f5 38. Kb4
fxe4 39. fxe4 Nf6 40. Ka5 Nxe4 41. Kxa6 Nc5+ (41... Kd7 42. Nxe5+ Kd6 43. Nd3 (
43. Nf7+ Kc5 44. Nd8 $18) 43... Nc3 44. Kb6 $18) 42. Kxb5 Nxb3 43. Nxe5 Ke7 44.
Nf3 Kd6 45. Kb4 Nc5 46. a4 Ne4 47. Kc4 h5 48. h4 Nf6 49. a5 Nd5 50. a6 Ne7 51.
Kd4 Nf5+ 52. Ke4 Kc7 53. Kf4 Kb6 54. Kg5 Ne3 55. Ne1 Nf5 56. Nd3 Kxa6 57. Nf4
Kb5 58. Nxg6 Ne3 59. Nf4 Kc6 60. Kxh5 Kd6 61. g4 1-0

[Event "EU-ch 6th"]
[Site "Warsaw"]
[Date "2005.06.21"]
[Round "4"]
[White "Milov, Vadim"]
[Black "Karjakin, Sergey"]
[Result "1/2-1/2"]
[WhiteElo "2653"]
[BlackElo "2635"]
[Annotator "Huzman,A"]
[PlyCount "45"]
[EventDate "2005.06.18"]
[EventType "swiss"]
[EventRounds "13"]
[EventCountry "POL"]
[SourceTitle "CBM 108"]
[Source "ChessBase"]
[SourceDate "2005.09.26"]
[SourceVersion "1"]
[SourceVersionDate "2005.09.26"]
[SourceQuality "1"]

1. d4 {Milov} d5 2. c4 dxc4 3. e3 Nf6 4. Bxc4 e6 5. Nf3 a6 6. O-O c5 7. a4 Nc6
8. Qe2 Be7 9. Rd1 O-O 10. dxc5 Qc7 11. b3 (11. Nbd2 Nd7 12. Nb3 Nxc5 13. Nxc5
Bxc5 14. Bd2 b6 15. Bc3 Qe7 16. Ne5 Nxe5 17. Bxe5 Kh8 18. Qh5 f6 19. Bc3 e5 $11
{1/2-1/2 Ivanov,I-Seirawan,Y/Los Angeles 1991/CBM 25 (57)}) 11... e5 $1 {
After this strong move Black gets a space advantage. White has to play very
accurately now to equalize the game.} (11... Bxc5 12. Bb2 b6 (12... e5 13. Nc3
e4 14. Ng5 Bd6 15. Nd5 Nxd5 16. Rxd5 $16 {Kramnik-Sadvakasov Astana 2001}) 13.
Nbd2 Bb7 14. Rac1 Nb4 15. Ng5 (15. Ne5 Rfd8 16. Nd3 Nxd3 17. Bxd3 Qe7 $11 {
1/2-1/2 Salai,J-Sakai,K/IECG 2003/(36)}) 15... Qe7 16. Ndf3 h6 17. Nh3 Rfd8 18.
Nf4 Rxd1+ 19. Rxd1 Rd8 $11 {1-0 Anand,V-Ponomariov,R/Mainz GER 2002/(46)}) 12.
h3 (12. Nc3 e4 13. Nd2 Bg4 14. f3 exf3 15. gxf3 Bh5 16. Bb2 Rad8 $13 {1/2-1/2
Nikolic,P-Seirawan,Y/Skelleftea 1989/(28)}) (12. e4 $2 Bg4 $1) 12... e4 (12...
Bxc5 13. Bb2 Bf5 (13... e4 {Milov} 14. Ng5 $5 h6 15. Bxf6 hxg5 16. Bb2 $14) 14.
Nbd2 (14. Nc3 e4 $36) 14... h6 15. Rac1 Qe7 16. Nf1 $11) 13. Nd4 Ne5 (13...
Bxc5 {Milov} 14. Nxc6 Qxc6 15. Bb2 Bf5 16. Nd2 $14) 14. Bb2 (14. Ba3 Bxc5 15.
Bxc5 Qxc5 16. Nd2 Bd7 $15) 14... Bxc5 $11 15. Nd2 Qe7 16. Nf1 $1 {[%cal Gf1g3,
Gg3f5,Gd4f5] White transfers the Nd2 to g3 which combines both defensive and
attacking possibilities and gives White an equal position.} (16. Rac1 Bb4 (
16... Bd7 $140 17. Ne6 $1 Bxe6 18. Bxe5 $14 {[%csl Re4]}) 17. Nc2 Bd6 $11)
16... Bd7 17. Ng3 g6 (17... Rfd8 {Milov} 18. Ndf5 Bxf5 19. Nxf5 Qe8 20. a5 $36)
18. Qc2 {[%cal Gc2c3,Gb2h8]} Rac8 (18... Nxc4 {Milov} 19. bxc4 $16 {[+],/^})
19. a5 (19. Nxe4 {Milov} Nxe4 20. Qxe4 Nxc4 21. Qxe7 Bxe7 22. bxc4 Rxc4 23. a5
Rfc8 $11) 19... Rfe8 20. Nde2 (20. Nxe4 $6 Nxe4 21. Qxe4 Nxc4 22. Qxe7 Bxe7 23.
bxc4 Rxc4 $11) (20. Rdc1 {(Milov) - 20.Rdc1} Qf8 {Milov} (20... Nd3 {Milov} 21.
Nxe4 $1 (21. Bxd3 Bxd4 22. Bc4 Bxb2 23. Qxb2 Be6 $11) 21... Nxc1 22. Nxf6+ Qxf6
23. Ne6 $1 (23. Nf3 Ne2+ $1 24. Qxe2 Qe7 25. Qd3 Be6 $13) 23... Ne2+ (23... Qe7
24. Nxc5 Ne2+ 25. Qxe2 Rxc5 26. Qd3 $16) 24. Qxe2 Qh4 25. Nxc5 Rxc5 26. Qd3 Bc6
27. Qc3 Rce5 28. Re1 $1 $16 Qe4 $140 29. f3) 21. Nde2 Bc6 22. Bc3 $1 $14 {/\Qb2
}) 20... Bc6 21. Nc3 (21. Nf4 $5 Bd6 22. Rac1 Bc7 23. Qc3 Red8 $11) 21... Ned7
(21... Nxc4 22. bxc4 Bd6 23. Na4 Bxa4 24. Qxa4 Rc6 25. Qb3 $11 {[%csl Rb7,Rc4]
[%cal Rb2h8]}) 22. Nce2 Ne5 23. Nc3 1/2-1/2